[Event "Sofia An Pasan op 10th"]
[Site "Sofia"]
[Date "2015.11.01"]
[Round "5"]
[White "Ralchev, Lachezar"]
[Black "Damyanov, Boris"]
[Result "1-0"]
[WhiteElo "1461"]
[BlackElo "1480"]
[PlyCount "95"]
[EventDate "2015.10.31"]
[EventType "swiss"]
[EventRounds "6"]
[EventCountry "BUL"]
[SourceTitle "CBM 169 Extra"]
[Source "ChessBase"]
[SourceDate "2015.12.18"]
[SourceVersion "1"]
[SourceVersionDate "2015.12.18"]
[SourceQuality "1"]

1. e4 c5 2. c3 e6 3. d4 cxd4 4. cxd4 Nc6 5. Nf3 a6 6. Nc3 d6 7. Bd3 Nf6 8. Be3 Be7 9. 0-0 0-0 10. h3 b5 11. a3 Bb7 12. Rc1 Rc8 13. Qd2 Qd7 14. Rc2 Bd8 15. Bg5 b4 16. Ne2 bxa3 17. bxa3 Na5 18. Rxc8 Bxc8 19. Bxf6 gxf6 20. e5 dxe5 21. dxe5 f5 22. Rd1 Qe7 23. Qh6 Kh8 24. Ng3 Rg8 25. Nh5 Rg6 26. Qc1 Bb7 27. Nf4 Rg8 28. Be2 Nc6 29. Qd2 Bc8 30. Qd6 Na7 31. Nh5 a5 32. Nf6 Rf8 33. Ng5 Qxd6 34. Rxd6 Bxf6 35. exf6 Nc6 36. Rxc6 Bb7 37. Rc7 Ba8 38. Nxf7+ Kg8 39. Nh6+ Kh8 40. Rf7 Rxf7 41. Nxf7+ Kg8 42. Nd6 Kf8 43. Bc4 e5 44. Nxf5 Be4 45. Nd6 Bb1 46. f7 Bg6 47. g4 h6 48. h4 1-0